Código civil
Guardado en:
| Formato: | Libro |
|---|---|
| Lenguaje: | español |
| Publicado: |
Santiago
Jurídica de Chile
1981
|
| Edición: | 8a. ed |
| Materias: | |
| Etiquetas: |
Agregar Etiqueta
Sin Etiquetas, Sea el primero en etiquetar este registro!
|
MARC
| LEADER | 00000nam a2200000 a 4500 | ||
|---|---|---|---|
| 001 | UCV1850 | ||
| 003 | CL-VaPUC | ||
| 008 | 910423e19810000CL |||||||||||||||||spa|d | ||
| 082 | 0 | 4 | |a 346.83 |b COD |2 21 |
| 245 | 1 | 0 | |a Código civil |
| 250 | |a 8a. ed | ||
| 300 | |a 1171 p | ||
| 942 | |c BK | ||
| 945 | |d 19910423 00:00:00 | ||
| 260 | |a Santiago |b Jurídica de Chile |c 1981 | ||
| 500 | |a Actualizado a Junio de 1981 | ||
| 650 | 0 | |a Código civil |9 256135 | |
| 651 | 7 | |a CHILE |2 CL-VaPUC |9 296044 | |
| 583 | |a last modification |c 19910423 00:00:00 |k Rodrigo Vera | ||
| 999 | |c 209630 |d 209628 | ||
| 952 | |0 0 |1 0 |2 ddc |4 0 |6 346_830000000000000_COD_1981 |7 0 |8 FOND_LRYV |9 185167 |a BIBDER |b BIBDER |d 2019-11-14 |i 2526131 |o 346.83 COD 1981 |p 2526131 |r 2023-01-25 |w 2019-11-14 |y BK_X |k DER | ||